Europa Amerika Länder Karte zufällige Ordnung - Statistiken

Allgemein
  • Dieses Quiz wurde 54 mal gespielt
  • Das Durchschnittsergebnis liegt bei 45 aus 80
Antworten auf der Karte
Die Antworten werden auf der Karte rot bzw. grün angezeigt, abhängig davon wie oft sie richtig erraten wurden.
 
Antwortstatistiken
Land % Korrekt
Vereinigtes Königreich
72%
Kuba
69%
Belarus
67%
Moldawien
67%
Paraguay
67%
Rumänien
67%
Chile
64%
Dänemark
64%
Estland
64%
Finnland
64%
Russland
64%
Slowakei
64%
Slowenien
64%
Albanien
61%
Bahamas
61%
Belgien
61%
Bolivien
61%
Bosnien und Herzegowina
61%
Bulgarien
61%
Deutschland
61%
Frankreich
61%
Italien
61%
Kanada
61%
Kolumbien
61%
Lettland
61%
Litauen
61%
Norwegen
61%
Peru
61%
Tschechien
61%
Brasilien
58%
Costa Rica
58%
Griechenland
58%
Guatemala
58%
Haiti
58%
Irland
58%
Kroatien
58%
Malta
58%
Mexiko
58%
Niederlande
58%
Österreich
58%
Portugal
58%
Schweden
58%
Schweiz
58%
USA
58%
Argentinien
56%
Dominikanische Republik
56%
Island
56%
Luxemburg
56%
Panama
56%
Polen
56%
Serbien
56%
Spanien
56%
St Kitts und Nevis
56%
Ukraine
56%
Ungarn
56%
Venezuela
56%
Belize
53%
Honduras
53%
Kosovo
53%
Liechtenstein
53%
Montenegro
53%
Nordmazedonien
53%
San Marino
53%
St Lucia
53%
Uruguay
53%
Ecuador
50%
Guyana
50%
Jamaika
50%
Suriname
50%
Trinidad
50%
Andorra
47%
Antigua
47%
El Salvador
47%
St Vincent
47%
Barbados
44%
Grenada
44%
Monaco
44%
Nicaragua
44%
Dominica
42%
Vatikanstadt
39%
Keine übereinstimmenden Quizze gefunden
Verteilung der Resultate
Anzahl Personen mit jedem Resultat
Perzentil nach korrekt beantworteten Fragen
Ihre Resultats-Entwicklung
Sie haben dieses Quiz noch nicht gespielt